Process Dynamics and Control (Record no. 610339)

000 -LEADER
fixed length control field 00405nam a22001457a 4500
020 ## - INTERNATIONAL STANDARD BOOK NUMBER
International Standard Book Number 9788120344051
040 ## - CATALOGING SOURCE
Transcribing agency Nust
082 ## - DEWEY DECIMAL CLASSIFICATION NUMBER
Classification number 620.2815
Author Mark BHA
100 ## - MAIN ENTRY--PERSONAL NAME
Personal name Sudheer S. Bhagade
9 (RLIN) 124497
110 ## - MAIN ENTRY--CORPORATE NAME
Corporate name or jurisdiction name as entry element Govind Das Nageshwar
9 (RLIN) 124498
245 ## - TITLE STATEMENT
Title Process Dynamics and Control
260 ## - PUBLICATION, DISTRIBUTION, ETC.
Place of publication, distribution, etc. New Delhi:
Name of publisher, distributor, etc. PHI Learning Pvt Ltd,
Date of publication, distribution, etc. 2011.
650 ## - SUBJECT ADDED ENTRY--TOPICAL TERM
Topical term or geographic name entry element Process Dynamics and Control
9 (RLIN) 124499
942 ## - ADDED ENTRY ELEMENTS (KOHA)
Source of classification or shelving scheme
Koha item type Book
Holdings
Withdrawn status Lost status Source of classification or shelving scheme Damaged status Not for loan Permanent Location Current Location Shelving location Date acquired Total Checkouts Full call number Barcode Date last seen Price effective from Koha item type
          College of Electrical & Mechanical Engineering (CEME) College of Electrical & Mechanical Engineering (CEME) General Stacks 07/12/2024   620.2815 BHA CEME- 46815 07/12/2024 07/12/2024 Book
© 2023 Central Library, National University of Sciences and Technology. All Rights Reserved.